Formuła 1 - Dostawcy Silników Red Bull - Statystyki

Ogólne statystyki
  • Ten quiz został rozwiązany 88 razy
  • Średni wynik to 6 z 8
Statystyki odpowiedzi
Sezony Silnik % Poprawnych
2023-2025 Honda RBPT
97%
2019-2021 Honda
96%
2026- Red Bull Ford
95%
2007-2015 Renault
85%
2006 Ferrari
73%
2022 RBPT
62%
2005 Cosworth
24%
2016-2018 TAG Heuer
18%
Nie znaleziono quizów pasujących do podanych kryteriów
Rozkład punktacji
Procent ludzi z każdym wynikiem
Percentyl według liczby udzielonych odpowiedzi
Twoja historia wyników
Nie rozwiązałeś tego quizu